| 000 | 00523nam a22001817a 4500 | ||
|---|---|---|---|
| 005 | 20251108164124.0 | ||
| 008 | 250721s9999 xx 000 0 ara d | ||
| 082 | 1 | 4 | _a218,32/علا |
| 100 | 1 | _aعبد الوهاب، علاء | |
| 245 | 1 | 0 | _aالدعاء المستجاب / |
| 264 | 1 |
_aالقاهرة : _bالمركز العربي الحديث، _c[19-]. |
|
| 300 | _a79ص | ||
| 650 | 1 | 7 | _aالأدعية الإسلامية |
| 650 | 1 | 7 | _aالإسلام |
| 650 | 1 | 7 | _aالشعائر |
| 942 |
_2ddc _cBK |
||
| 999 |
_c4195 _d4195 |
||